[Event "Sao Paulo Carnaval op"]
[Site "Sao Paulo"]
[Date "2020.02.22"]
[Round "2"]
[White "Di Berardino, Diego Rafael"]
[Black "Bueno, Danilo"]
[Result "1-0"]
[WhiteElo "2478"]
[BlackElo "1900"]
[PlyCount "75"]
[EventDate "2020.02.22"]
[EventType "swiss"]
[EventRounds "7"]
[EventCountry "BRA"]
[SourceTitle "CBM 195 Extra"]
[Source "ChessBase"]
[SourceDate "2020.05.31"]
[SourceVersion "1"]
[SourceVersionDate "2020.05.31"]
[SourceQuality "1"]

1. Nf3 Nf6 2. g3 g6 3. b3 b6 4. Bg2 Bb7 5. Bb2 Bg7 6. 0-0 c5 7. c4 Nc6 8. d4 cxd4 9. Nxd4 Qb8 10. e4 Nxd4 11. Qxd4 Nh5 12. Qd2 Bxb2 13. Qxb2 0-0 14. Re1 Ng7 15. Nc3 e5 16. Rad1 Rd8 17. Nb5 d6 18. Qa3 Ne8 19. Rd3 a6 20. Nc3 Qc7 21. Red1 Kg7 22. h4 h5 23. Qb2 Rac8 24. Qd2 Qe7 25. Na4 Qc7 26. Qb4 Bc6 27. Nc3 Rb8 28. Qa3 Bb7 29. Qc1 Bc6 30. Qg5 f6 31. Qd2 Qb7 32. Qe3 Qc7 33. Bh3 Qe7 34. b4 Kh7 35. a3 Kg7 36. Qd2 Ra8 37. c5 bxc5 38. bxc5 1-0

[Event "Sao Paulo op-B U2050 8th"]
[Site "Sao Paulo"]
[Date "2019.10.19"]
[Round "4"]
[White "Bueno, Danilo"]
[Black "Frattini, Beatriz Maria"]
[Result "1/2-1/2"]
[WhiteElo "1935"]
[BlackElo "1740"]
[PlyCount "57"]
[EventDate "2019.10.17"]
[EventType "swiss"]
[EventRounds "6"]
[EventCountry "BRA"]
[SourceTitle "CBM 192 Extra"]
[Source "Chessbase"]
[SourceDate "2019.11.06"]
[SourceVersion "1"]
[SourceVersionDate "2019.11.06"]
[SourceQuality "1"]

1. Nf3 Nf6 2. b4 e6 3. a3 Be7 4. Bb2 b6 5. g3 Bb7 6. Bg2 0-0 7. 0-0 d5 8. d3 c5 9. b5 a6 10. a4 axb5 11. axb5 Rxa1 12. Bxa1 Nbd7 13. c4 Qa8 14. Bb2 Rd8 15. Qc2 dxc4 16. dxc4 Be4 17. Qc3 Ne8 18. Nbd2 Bf6 19. Qb3 Bxb2 20. Qxb2 Bb7 21. Ra1 Qb8 22. Nf1 h6 23. Rd1 Ndf6 24. Rxd8 Qxd8 25. Qa1 Qa8 26. Qxa8 Bxa8 27. Ne5 Bxg2 28. Kxg2 Nd6 29. Ne3 1/2-1/2

[Event "Sao Paulo op-B U2050 8th"]
[Site "Sao Paulo"]
[Date "2019.10.19"]
[Round "3"]
[White "Nobre, Jailson Altair Barb"]
[Black "Bueno, Danilo"]
[Result "0-1"]
[WhiteElo "1645"]
[BlackElo "1935"]
[PlyCount "98"]
[EventDate "2019.10.17"]
[EventType "swiss"]
[EventRounds "6"]
[EventCountry "BRA"]
[SourceTitle "CBM 192 Extra"]
[Source "Chessbase"]
[SourceDate "2019.11.06"]
[SourceVersion "1"]
[SourceVersionDate "2019.11.06"]
[SourceQuality "1"]

1. e4 c5 2. Nf3 e6 3. d3 Nc6 4. g3 g6 5. Bg2 Bg7 6. 0-0 Nge7 7. c3 0-0 8. Be3 b6 9. Nbd2 Ba6 10. Nb3 d5 11. exd5 Nxd5 12. Bg5 f6 13. Qe2 e5 14. Bd2 Qd7 15. Rfe1 Rfe8 16. Qe4 f5 17. Qh4 Bxd3 18. Ng5 Nf6 19. Nh3 Rac8 20. Bh6 c4 21. Nd2 e4 22. Nf1 Ne5 23. Ng5 Bxh6 24. Qxh6 Neg4 25. Qh4 h6 26. h3 hxg5 27. Qxg5 Qh7 28. hxg4 Nxg4 29. Rad1 Qh6 30. Qxh6 Nxh6 31. Ne3 Rcd8 32. Bh3 Kg7 33. Kg2 Nf7 34. Kh2 Rh8 35. Rh1 Be2 36. Rxd8 Rxd8 37. b3 Ne5 38. Bg2 Rd2 39. bxc4 Nxc4 40. Nxc4 Bxc4 41. a4 Rxf2 42. Rd1 Bd3 43. a5 b5 44. Kg1 Rc2 45. c4 bxc4 46. Kh1 Ra2 47. Bh3 c3 48. Rc1 c2 49. Kg2 Rb2 0-1